Chelsea 21st Century best Starting XI - Statistics

General Stats
  • This quiz has been taken 147 times
  • The average score is 8 of 11
Answer Stats
Position Player % Correct
GK Čech
97%
CM Lampard
96%
ST Drogba
93%
CB Terry
93%
LW Hazard
83%
LB Cole
82%
DM Kante
74%
RB Azpilicueta
53%
CM Makelele
43%
RW Fábregas
30%
CB Desailly
23%
No matching quizzes found
Score Distribution
Percent of People with Each Score
Percentile by Number Answered
Your Score History
You have not taken this quiz